000 00223 a2200097 4500
001 42353
100 _aKrollmann F
245 _aLangen Scheidts Fach Worter Buch
260 _a
_bLangen Scheiding
_c
090 _c26288
_d26288
942 _aNUST-CAE
_cM
_c18100
999 _c277426
_d277426